000 00682nam a22002177a 4500
008 131021b xxu||||| |||| 00| 0 alb d
020 _a9992731273
041 0 _aalb
080 _a321.7
100 1 _aSartori, Giovanni
245 1 0 _aÇ'është demokracia /
_cGiovanni Sartori ; Përkthyer nga Kujtim Ymeri.
260 _a[Tiranë] :
_bDituria ;
_c[1998]
300 _a271 f. :
_c21 cm.
500 _aTitulli i origjinalit : Democrazia cosa é
500 _aParathënie : f. 3-4
500 _aNë kopertinë fotografia me shënime për autorin
505 _aBibliografia : f. 261-267
650 0 _aDemokracia
_zBotë
700 1 _a Ymeri, Kujtim
_cpërkthyes
942 _2udc
_cBK
999 _c143
_d143